| 000 | 00681nam a2200205 a 4500 | ||
|---|---|---|---|
| 001 | 000026467 | ||
| 005 | 20200930030235.0 | ||
| 008 | 110318s1976 sp ac r 000 0 spa d | ||
| 020 | _a8432929573 | ||
| 040 |
_aDO-SdBNP _bspa _cBNPHU |
||
| 082 |
_axxx _bG643p, 1976 |
||
| 100 | 1 |
_aGonzález G. Zabaleta, Gerardo _953529 |
|
| 245 | 1 | 0 |
_aPrevención de accidentes en la construcción / _cGerardo González G. Zabaleta. |
| 250 | _a7a ed. | ||
| 260 |
_aBarcelona, (España) : _bCEAC, _c1976. |
||
| 300 |
_a181, [2] p. : _bil., retrs. ; _c22 cm. |
||
| 490 | 1 |
_aEnciclopedia Ceac de la construcción _v57 |
|
| 830 | 0 |
_aEnciclopedia Ceac de la construcción ; _v57 _953530 |
|
| 049 | _aBNGR | ||
| 999 |
_c25959 _d25959 |
||